00370nam a2200109Ia 4500008004100000100001600041245007400057245004500131260000900176650001300185856006200198170221s9999 xx 000 0 und d aPeter Cheng aTarget Information Asymmetry and Acquisition Price (pages 976–1016) cPeter Cheng, Lin Li and Wilson H.S. Tong c2012 xBusiness uhttp://onlinelibrary.wiley.com/doi/10.1111/jbfa.12202/pdf